000 00590nam a2200193 a 4500
005 20140310183346.0
008 070212s19uu xx 00 eng d
020 _a1581806256
050 _aND 2300
_b.N82 2005
245 _aNorth Light's big book of painting Watercolor Flowers /
_c edited by : Wissman, Pam
260 _aCincinnati, Ohio :
_bNorth Light Books,
_c2005.
300 _a191 p. :
_bill. col. ;
_c26 cm.
521 _aMA
650 _aFlowers in art.
650 _aWatercolor painting
_xTechnique.
700 _aXenos, Christina
942 _cBK
_2lcc
_kFOR
999 _c21947
_d21947